| 000 | 00739cam a2200181 a 4500 | ||
|---|---|---|---|
| 020 | _a0821330675 | ||
| 082 | 0 | 0 |
_a363.091724 _bBON _cD |
| 100 | 1 |
_aBond, Gary E. _938020 |
|
| 245 | 1 | 0 |
_aFinancing private infrastructure projects : _bemerging trends from IFC's experience / _cGary Bond, Laurence Carter. |
| 260 |
_aWashington, D.C. : _bWorld Bank, _cc1994. |
||
| 300 |
_axv, 55 p. : _bill. ; _c28 cm. |
||
| 490 | 1 | _aIFC International Finance Corporation discussion paper, | |
| 526 |
_a0 _b0 _c0 _d363_091724000000000_BON |
||
| 650 | 0 |
_aEconomic development projects _zDeveloping countries _xFinance. _938021 |
|
| 650 | 0 |
_aInfrastructure (Economics) _zDeveloping countries _xFinance. _938022 |
|
| 700 | 1 |
_aCarter, Laurence, _938023 |
|
| 942 |
_2ddc _cBK |
||
| 999 |
_c542720 _d542720 |
||